La ciencia humilde : (Registro nro. 11623)
[ vista simple ]
| 000 -LEADER | |
|---|---|
| fixed length control field | 01479nam a2200277Ia 4500 |
| 003 - CONTROL NUMBER IDENTIFIER | |
| control field | OSt |
| 005 - DATE AND TIME OF LATEST TRANSACTION | |
| control field | 20210511142308.0 |
| 008 - FIXED-LENGTH DATA ELEMENTS--GENERAL INFORMATION | |
| fixed length control field | 210310s2015 sp ad gr 000 0 spa d |
| 020 ## - INTERNATIONAL STANDARD BOOK NUMBER | |
| International Standard Book Number | 9788498928679 |
| 040 ## - CATALOGING SOURCE | |
| Original cataloging agency | CO-JMCR |
| Transcribing agency | CO-JMCR |
| 041 0# - LANGUAGE CODE | |
| Language code of text/sound track or separate title | spa |
| 082 04 - DEWEY DECIMAL CLASSIFICATION NUMBER | |
| Classification number | 330.9 / |
| Item number | P177c |
| Edition number | 23 |
| 100 1# - MAIN ENTRY--PERSONAL NAME | |
| Personal name | Pastor, Alfredo, |
| Relator term | autor |
| 9 (RLIN) | 26006 |
| 245 13 - TITLE STATEMENT | |
| Title | La ciencia humilde : |
| Remainder of title | economía para ciudadanos / |
| Statement of responsibility, etc. | Alfredo Pastor |
| 250 ## - EDITION STATEMENT | |
| Edition statement | Primera edición |
| 260 ## - PUBLICATION, DISTRIBUTION, ETC. | |
| Place of publication, distribution, etc. | Barcelona, España : |
| Name of publisher, distributor, etc. | Planeta, |
| Date of publication, distribution, etc. | 2015. |
| 300 ## - PHYSICAL DESCRIPTION | |
| Extent | 355 páginas : |
| Other physical details | ilustraciones y gráficas en blanco y negro ; |
| Dimensions | 23 cm. |
| 490 0# - SERIES STATEMENT | |
| Series statement | Crítica |
| 500 ## - GENERAL NOTE | |
| General note | Datos biográficos del autor en solapa frontal. |
| 501 ## - WITH NOTE | |
| With note | Con: notas a pie de página. |
| 505 0# - FORMATTED CONTENTS NOTE | |
| Formatted contents note | El mundo económico. -- Las cuentas de una economía. -- La inflación. -- El desempleo. -- La política monetaria. -- La política fiscal y las políticas de oferta. -- La balanza de pagos. --El tipo de cambio. -- Crisis y burbujas. -- La crisis del 2007. -- La globalización. -- Tres asuntos importantes. |
| 520 0# - SUMMARY, ETC. | |
| Summary, etc. | No cabe duda de que vivimos en un mundo regido por los fenómenos económicos: el paro, la inflación, la política fiscal, el precio del dinero, los mercados, los tipos de interés, la política montaría, el papel del estado, la distribución mundial de la renta o la naturaleza de las leyes delmercado. |
| 650 14 - SUBJECT ADDED ENTRY--TOPICAL TERM | |
| Topical term or geographic name entry element | Economía domestica. |
| 9 (RLIN) | 26008 |
| 650 24 - SUBJECT ADDED ENTRY--TOPICAL TERM | |
| Topical term or geographic name entry element | Políticas de mercado. |
| 9 (RLIN) | 37558 |
| 942 ## - ADDED ENTRY ELEMENTS (KOHA) | |
| Source of classification or shelving scheme | Dewey Decimal Classification |
| Koha item type | Books |
| Withdrawn status | Lost status | Source of classification or shelving scheme | Damaged status | Not for loan | Home library | Current library | Shelving location | Date acquired | Source of acquisition | Full call number | Barcode | Date last seen | Copy number | Price effective from | Koha item type |
|---|---|---|---|---|---|---|---|---|---|---|---|---|---|---|---|
| Dewey Decimal Classification | Biblioteca Pública José María del Castillo y Rada | Biblioteca Pública José María del Castillo y Rada | General Stacks | 04/15/2018 | Donación | 330.9 / P177c | 430000858 | 05/16/2024 | Ej.1 | 03/10/2021 | Books |